[Event "VIII CAMPEONATO CONTINENTAL DE LAS AMERI"]
[Site "Hotel Casa Campestre - Cochaba"]
[Date "2013.05.09"]
[Round "4"]
[White "Ruiz, Samuel"]
[Black "Slomka, Gustavo"]
[Result "0-1"]
[WhiteElo "1710"]
[BlackElo "2055"]
[PlyCount "56"]
[EventDate "2013.05.07"]
[EventRounds "11"]
[EventCountry "BOL"]

1. e4 c5 2. Nc3 Nc6 3. f4 e6 4. Nf3 Nge7 5. d3 d5 6. e5 h5 7. Be2 Nf5 8. O-O
Rb8 9. a4 a6 10. Bd2 g6 11. Qb1 b5 12. axb5 axb5 13. b3 b4 14. Na4 Ncd4 15. Rf2
Qc7 16. Ra2 Be7 17. Qd1 Bd7 18. Nb2 O-O 19. Nxd4 cxd4 20. g4 hxg4 21. Bxg4 Ne3
22. Bxe3 dxe3 23. Re2 Ra8 24. Qa1 Rxa2 25. Qxa2 Bc6 26. Nd1 d4 27. Nb2 Qd8 28.
Qa1 Qd5 0-1

[Event "VIII CAMPEONATO CONTINENTAL DE LAS AMERI"]
[Site "Hotel Casa Campestre - Cochaba"]
[Date "2013.05.09"]
[Round "4"]
[White "Monroy Carrizo, Javier"]
[Black "Avila, Carlos"]
[Result "1-0"]
[WhiteElo "2053"]
[BlackElo "1848"]
[PlyCount "77"]
[EventDate "2013.05.07"]
[EventRounds "11"]
[EventCountry "BOL"]

1. d4 Nf6 2. Nf3 g6 3. c4 Bg7 4. Nc3 d6 5. g3 O-O 6. Bg2 c5 7. d5 Na6 8. O-O
Nc7 9. e4 a6 10. a4 Bd7 11. e5 dxe5 12. Nxe5 Rb8 13. a5 Bf5 14. Re1 Nd7 15.
Nxd7 Qxd7 16. Na4 Bd4 17. Be3 Bxe3 18. fxe3 Qc8 19. Nxc5 Rd8 20. Qd4 b6 21.
axb6 Rxb6 22. e4 Bh3 23. Ne6 Rxe6 24. Bxh3 Rxe4 25. Qxe4 Qxh3 26. Qxe7 Rd7 27.
Qf6 Qg4 28. Rxa6 Rd8 29. Qxd8+ Kg7 30. Qf6+ Kh6 31. Rc6 Nxd5 32. cxd5 Qa4 33.
Qf4+ Qxf4 34. gxf4 Kg7 35. d6 Kh8 36. d7 Kg7 37. d8=Q Kh6 38. Qf6 Kh5 39. Qg5#
1-0

[Event "VIII CAMPEONATO CONTINENTAL DE LAS AMERI"]
[Site "Hotel Casa Campestre - Cochaba"]
[Date "2013.05.09"]
[Round "4"]
[White "Estrada, Lucia"]
[Black "Medrano, Sebastian"]
[Result "0-1"]
[WhiteElo "2034"]
[BlackElo "1803"]
[PlyCount "106"]
[EventDate "2013.05.07"]
[EventRounds "11"]
[EventCountry "BOL"]

1. d4 Nf6 2. c4 e5 3. d5 Bc5 4. Nc3 O-O 5. e4 d6 6. f3 Nh5 7. Nge2 f5 8. h4 Nf6
9. Ng3 f4 10. Nge2 Nh5 11. Na4 Bb4+ 12. Bd2 Bxd2+ 13. Qxd2 Bd7 14. Nac3 Na6 15.
a3 Nc5 16. Rb1 Nb3 17. Qd1 Na5 18. Nc1 Ng3 19. Rh2 Nxf1 20. Kxf1 Nxc4 21. Qe2
Ne3+ 22. Kg1 Rf6 23. Nd3 Rh6 24. Qf2 Qe8 25. Kh1 Qg6 26. Ne2 Bb5 27. Ndxf4 exf4
28. Nxf4 Qf6 29. Qxe3 Rxh4 30. g3 Rxh2+ 31. Kxh2 Bd7 32. Kg2 Rf8 33. Ne2 a6 34.
Nc3 c5 35. f4 Re8 36. Re1 Bg4 37. Qd2 Qh6 38. Kg1 Bf3 39. Qh2 Qf6 40. Qf2 Qd4
41. Re3 Bxe4 42. Re1 Qxf2+ 43. Kxf2 Bg6 44. Rxe8+ Bxe8 45. Ke3 Kf7 46. g4 Bd7
47. f5 h5 48. gxh5 Bxf5 49. Kf4 Bc2 50. Kg5 b5 51. b4 c4 52. Ne2 Be4 53. Nc3
Bf3 0-1

[Event "VIII CAMPEONATO CONTINENTAL DE LAS AMERI"]
[Site "Hotel Casa Campestre - Cochaba"]
[Date "2013.05.09"]
[Round "4"]
[White "Prado, Alexandra"]
[Black "Cortes Orihuela, Javier"]
[Result "1/2-1/2"]
[WhiteElo "1790"]
[BlackElo "2032"]
[PlyCount "104"]
[EventDate "2013.05.07"]
[EventRounds "11"]
[EventCountry "BOL"]

1. e4 c5 2. c3 d5 3. exd5 Qxd5 4. d4 g6 5. Nf3 Bg7 6. Be2 Nh6 7. c4 Qd8 8. d5
O-O 9. O-O Nf5 10. Nbd2 Nd6 11. Bd3 a6 12. Rb1 b5 13. b3 Nd7 14. Bb2 Bxb2 15.
Rxb2 Rb8 16. Re1 bxc4 17. Nxc4 Nxc4 18. Bxc4 Nb6 19. Qd3 Bf5 20. Qe2 Bg4 21.
Rbb1 Nxd5 22. Bxd5 Qxd5 23. Qxe7 Bxf3 24. gxf3 Rb4 25. Re4 Rb7 26. Qf6 Rb4 27.
Rbe1 Rxe4 28. Rxe4 a5 29. Kg2 Qd2 30. Qe7 Qxa2 31. Qxc5 Qxb3 32. Qxa5 Qb2 33.
Qe5 Qxe5 34. Rxe5 Kg7 35. f4 Ra8 36. Kg3 Ra3+ 37. f3 Ra2 38. h4 Kh6 39. Re1 Ra4
40. Re7 Kg7 41. Re5 Ra1 42. Rb5 Kh6 43. Rb7 Kg7 44. Rb5 Ra7 45. f5 Kf6 46. fxg6
hxg6 47. Rb6+ Kg7 48. Rb5 Kh6 49. Rc5 Ra4 50. Rc7 f5 51. Rb7 Ra1 52. Rc7 Rg1+
1/2-1/2

[Event "VIII CAMPEONATO CONTINENTAL DE LAS AMERI"]
[Site "Hotel Casa Campestre - Cochaba"]
[Date "2013.05.09"]
[Round "4"]
[White "Molina, Ruben"]
[Black "Lopez, Bruno"]
[Result "1/2-1/2"]
[WhiteElo "2030"]
[BlackElo "1734"]
[PlyCount "210"]
[EventDate "2013.05.07"]
[EventRounds "11"]
[EventCountry "BOL"]

1. d4 d5 2. c4 e6 3. Nc3 c6 4. Nf3 Nf6 5. Bg5 Nbd7 6. e3 Be7 7. Rc1 O-O 8. Bd3
dxc4 9. Bxc4 b5 10. Bb3 a6 11. O-O Bb7 12. Qe2 Rc8 13. a3 c5 14. Rfd1 Qb6 15.
Ne5 Rfe8 16. Bc2 Nxe5 17. dxe5 Nd5 18. Ne4 Nc3 19. Nxc3 Bxg5 20. Rd6 Qc7 21.
Rcd1 Red8 22. Be4 Bxe4 23. Nxe4 Be7 24. Rxd8+ Rxd8 25. f4 h6 26. Kf2 c4 27. Rd4
Rxd4 28. exd4 a5 29. g4 b4 30. axb4 axb4 31. Qd2 Qc6 32. Qc2 Qd5 33. Ke3 Bd8
34. Nd2 Qg2 35. Qxc4 Qxg4 36. Qxb4 Qg1+ 37. Kd3 Bh4 38. Qb8+ Kh7 39. Qb7 Qxh2
40. Qxf7 Be1 41. Ne4 h5 42. Ng5+ Kh6 43. Qxe6+ g6 44. Nf3 Qxf4 45. Nxe1 Qf1+
46. Kd2 Qf2+ 47. Kd3 Qxe1 48. Qd6 Qf1+ 49. Kc3 h4 50. e6 Qe1+ 51. Kc4 h3 52.
Qf8+ Kg5 53. Qd8+ Kf5 54. e7 h2 55. Qf8+ Kg5 56. e8=Q Qxe8 57. Qxe8 h1=Q 58.
Qe5+ Kg4 59. Qe6+ Kh5 60. b4 Qg2 61. Qe5+ g5 62. d5 Qa2+ 63. Kb5 Qa7 64. Qh8+
Kg6 65. Qc8 Qd4 66. Qc6+ Kf7 67. Qe6+ Kf8 68. d6 Qd3+ 69. Kc6 Qc3+ 70. Kd7 Qxb4
71. Qf6+ Kg8 72. Qxg5+ Kf8 73. Qf6+ Kg8 74. Ke7 Kh7 75. Kf7 Qg4 76. Ke8 Qa4+
77. d7 Qb5 78. Ke7 Qb7 79. Ke8 Qb5 80. Qf7+ Kh8 81. Qf6+ Kh7 82. Qh4+ Kg7 83.
Qd4+ Kg8 84. Ke7 Qg5+ 85. Kd6 Qd8 86. Qd5+ Kg7 87. Qe5+ Kf7 88. Qh5+ Kg7 89.
Qe5+ Kf7 90. Qe6+ Kf8 91. Qh6+ Kg8 92. Qg6+ Kf8 93. Qf5+ Kg7 94. Qg4+ Kf7 95.
Qf5+ Kg7 96. Qb5 Kf7 97. Qc4+ Kg7 98. Qc7 Qf6+ 99. Kc5 Qc3+ 100. Kb6 Qb4+ 101.
Ka7 Qa4+ 102. Kb8 Qb5+ 103. Kc8 Qf5 104. Qd6 Kf7 105. Kc7 Qa5+ 1/2-1/2

[Event "VIII CAMPEONATO CONTINENTAL DE LAS AMERI"]
[Site "Hotel Casa Campestre - Cochaba"]
[Date "2013.05.09"]
[Round "4"]
[White "Acosta, Mariano"]
[Black "Mollo, Jhoan"]
[Result "1-0"]
[WhiteElo "1958"]
[BlackElo "1588"]
[PlyCount "45"]
[EventDate "2013.05.07"]
[EventRounds "11"]
[EventCountry "BOL"]

1. d4 Nf6 2. Nf3 d5 3. Bg5 Nbd7 4. Nbd2 e6 5. e3 Be7 6. Bd3 b6 7. O-O Bb7 8. c3
c5 9. a4 O-O 10. Ne5 h6 11. Nxd7 hxg5 12. Nxf8 Kxf8 13. f4 g4 14. Kf2 Bd6 15.
h3 gxh3 16. g3 Ke7 17. Rh1 Qh8 18. Bf1 Qh7 19. Rxh3 Qf5 20. Qb1 Ng4+ 21. Kf3
Kf6 22. Bd3 Ne5+ 23. dxe5+ 1-0

[Event "VIII CAMPEONATO CONTINENTAL DE LAS AMERI"]
[Site "Hotel Casa Campestre - Cochaba"]
[Date "2013.05.09"]
[Round "4"]
[White "Sabas, Jorge"]
[Black "Molina, Jessica"]
[Result "1-0"]
[WhiteElo "2302"]
[BlackElo "1585"]
[PlyCount "67"]
[EventDate "2013.05.07"]
[EventRounds "11"]
[EventCountry "BOL"]

1. d4 Nf6 2. c4 c5 3. d5 g6 4. Nc3 Bg7 5. e4 d6 6. Nf3 Bg4 7. Be2 Nbd7 8. O-O
O-O 9. h3 Bxf3 10. Bxf3 Ne8 11. Be2 f5 12. exf5 Rxf5 13. f4 Rf8 14. Ne4 Ndf6
15. Ng5 Nc7 16. Bd3 Qe8 17. f5 h6 18. Nf3 gxf5 19. Nh4 Qh5 20. Nxf5 Qxd1 21.
Rxd1 Rae8 22. Nxh6+ Kh8 23. Bg6 Rd8 24. Nf7+ Rxf7 25. Bxf7 Ne4 26. Bg6 Bd4+ 27.
Rxd4 cxd4 28. Bxe4 b5 29. cxb5 Nxb5 30. Bd2 Nc7 31. Ba5 Rc8 32. Rc1 Kg7 33.
Rxc7 Rxc7 34. Bxc7 1-0

[Event "VIII CAMPEONATO CONTINENTAL DE LAS AMERI"]
[Site "Hotel Casa Campestre - Cochaba"]
[Date "2013.05.09"]
[Round "4"]
[White "Gamboa, Anibal"]
[Black "Arias, Pablo"]
[Result "0-1"]
[WhiteElo "2126"]
[BlackElo "2050"]
[PlyCount "48"]
[EventDate "2013.05.07"]
[EventRounds "11"]
[EventCountry "BOL"]

1. c4 Nf6 2. Nc3 g6 3. g3 Bg7 4. Bg2 O-O 5. Nf3 d6 6. O-O e5 7. d4 Nbd7 8. e3
c6 9. Qc2 Qc7 10. b4 Re8 11. Bb2 Nf8 12. a4 Be6 13. Nd2 exd4 14. exd4 Bf5 15.
Nce4 d5 16. cxd5 Nxd5 17. b5 Ne6 18. Qc4 Rad8 19. a5 c5 20. Nxc5 Nxc5 21. Bxd5
Bd3 22. Bxf7+ Qxf7 23. Qxc5 Bxf1 24. Nxf1 Re2 0-1

[Event "VIII CAMPEONATO CONTINENTAL DE LAS AMERI"]
[Site "Hotel Casa Campestre - Cochaba"]
[Date "2013.05.09"]
[Round "4"]
[White "Caba, Edgar"]
[Black "Monroy, Nathaly"]
[Result "1-0"]
[WhiteElo "1861"]
[BlackElo "1791"]
[PlyCount "85"]
[EventDate "2013.05.07"]
[EventRounds "11"]
[EventCountry "BOL"]

1. e4 Nf6 2. d3 g6 3. Nf3 d6 4. g3 Bg7 5. Bg2 O-O 6. O-O c6 7. Nbd2 Nbd7 8. Re1
Rb8 9. Nf1 Ne8 10. c3 c5 11. Be3 b5 12. Qd2 a5 13. d4 Qc7 14. Rac1 Ba6 15. Bh6
e5 16. Bxg7 Nxg7 17. Ne3 Nf6 18. dxe5 dxe5 19. Nd5 Nxd5 20. exd5 f6 21. d6 Qd7
22. Qd5+ Kh8 23. Qxc5 Rfc8 24. Qd5 Bb7 25. Qd2 Rd8 26. Rcd1 Nf5 27. c4 bxc4 28.
Qxa5 Qc6 29. Nh4 Qa6 30. Qxa6 Bxa6 31. Nxf5 gxf5 32. Rd2 Rb6 33. Red1 Bb5 34.
Bh3 Bd7 35. Rc1 Be6 36. Bf1 c3 37. bxc3 Rbxd6 38. Rxd6 Rxd6 39. c4 Ra6 40. Rc2
f4 41. gxf4 exf4 42. c5 Bxa2 43. Bxa6 1-0

[Event "VIII CAMPEONATO CONTINENTAL DE LAS AMERI"]
[Site "Hotel Casa Campestre - Cochaba"]
[Date "2013.05.09"]
[Round "4"]
[White "Aguilar, Pedro"]
[Black "Zarate, Ezequiel"]
[Result "1-0"]
[WhiteElo "1987"]
[BlackElo "1745"]
[PlyCount "54"]
[EventDate "2013.05.07"]
[EventRounds "11"]
[EventCountry "BOL"]

1. e4 c5 2. Nf3 Nc6 3. Bb5 d6 4. h3 Bd7 5. c3 Nf6 6. d3 a6 7. Ba4 e6 8. O-O Be7
9. Bf4 b5 10. Bc2 O-O 11. Nbd2 e5 12. Bh2 Be6 13. Re1 Qb6 14. Ng5 Bd7 15. Kh1
h6 16. Ngf3 Rab8 17. Nf1 b4 18. Qd2 Rfc8 19. Ne3 Be6 20. g4 g5 21. Rg1 Na5 22.
Nf5 Bf8 23. Nxg5 Qd8 24. Nxe6 fxe6 25. Nxh6+ Bxh6 26. Qxh6 Rc7 27. g5 Ne8 1-0

[Event "VIII CAMPEONATO CONTINENTAL DE LAS AMERI"]
[Site "Hotel Casa Campestre - Cochaba"]
[Date "2013.05.10"]
[Round "5"]
[White "Ortiz Suarez, Isan Reynaldo"]
[Black "Granda Zuniga, Julio E"]
[Result "0-1"]
[WhiteElo "2598"]
[BlackElo "2659"]
[PlyCount "120"]
[EventDate "2013.05.07"]
[EventRounds "11"]
[EventCountry "BOL"]

1. e4 e5 2. Nf3 Nc6 3. d4 exd4 4. Nxd4 Nxd4 5. Qxd4 Qf6 6. e5 Qb6 7. Qf4 d5 8.
Nc3 Be6 9. Bd3 O-O-O 10. O-O c5 11. b3 Ne7 12. Kh1 a6 13. Bb2 Qc7 14. Rae1 f5
15. Qc1 c4 16. bxc4 dxc4 17. Be2 Nc6 18. Bf3 Nd4 19. Bd1 Bb4 20. f4 Rd7 21. Re3
Rhd8 22. Rh3 g6 23. Nb1 Bc5 24. Ba3 Bxa3 25. Nxa3 Bd5 26. c3 Ne6 27. Bf3 Kb8
28. Nc2 Bc6 29. Nb4 Bxf3 30. Rhxf3 Nc5 31. Nc2 Rd2 32. Nd4 Rxa2 33. Qb1 Ra5 34.
Qb4 Ra4 35. Qb2 Rc8 36. Rb1 Qa5 37. Rf2 Rc7 38. e6 Nb3 39. Re2 Re7 40. Nxb3
cxb3 41. Qxb3 Rxf4 42. Ra2 Qc7 43. Rxa6 Qc4 44. Qxc4 Rxc4 45. Ra3 Rxe6 46. Rab3
Rc7 47. Kg1 Re2 48. Rc1 Rd7 49. Kf1 Ra2 50. Rcb1 Rc2 51. Re1 Rdd2 52. Reb1 Rf2+
53. Kg1 Rxg2+ 54. Kh1 Rxh2+ 55. Kg1 Kc7 56. Rxb7+ Kd6 57. Rd1+ Ke5 58. Re7+ Kf4
59. c4 Rh3 60. Rd4+ Kg5 0-1

[Event "VIII CAMPEONATO CONTINENTAL DE LAS AMERI"]
[Site "Hotel Casa Campestre - Cochaba"]
[Date "2013.05.10"]
[Round "5"]
[White "Bruzon Batista, Lazaro"]
[Black "Cornejo, Max"]
[Result "1-0"]
[WhiteElo "2707"]
[BlackElo "2380"]
[PlyCount "93"]
[EventDate "2013.05.07"]
[EventRounds "11"]
[EventCountry "BOL"]

1. d4 d5 2. c4 e6 3. Nf3 Nf6 4. g3 Nbd7 5. Bg2 c6 6. O-O Be7 7. b3 O-O 8. Nc3
b6 9. Nd2 Bb7 10. e4 Bb4 11. Bb2 c5 12. exd5 cxd4 13. Nb5 exd5 14. Bxd4 a6 15.
Nc3 Bc5 16. Bxc5 Nxc5 17. b4 d4 18. Nd5 Nxd5 19. cxd5 Nd7 20. Nc4 Nf6 21. Qxd4
Bxd5 22. Bh3 b5 23. Ne5 Be6 24. Qxd8 Rfxd8 25. Bxe6 fxe6 26. a3 Rd5 27. Rfe1
Rc8 28. Re2 Rd6 29. Kg2 Rc7 30. Raa2 h6 31. Rac2 Rxc2 32. Rxc2 Rd5 33. f4 Nd7
34. Rc8+ Kh7 35. Nxd7 Rxd7 36. Rc6 a5 37. bxa5 Rd3 38. Rb6 Rb3 39. g4 h5 40.
gxh5 Kh6 41. a4 Ra3 42. Rxe6+ Kxh5 43. Re4 Kg4 44. h3+ Kf5 45. Rb4 bxa4 46. a6
Rb3 47. Rxa4 1-0

[Event "VIII CAMPEONATO CONTINENTAL DE LAS AMERI"]
[Site "Hotel Casa Campestre - Cochaba"]
[Date "2013.05.10"]
[Round "5"]
[White "Flores, Diego"]
[Black "Gonzalez, Bernal"]
[Result "1/2-1/2"]
[WhiteElo "2586"]
[BlackElo "2461"]
[PlyCount "119"]
[EventDate "2013.05.07"]
[EventRounds "11"]
[EventCountry "BOL"]

1. d4 d5 2. c4 c6 3. Nf3 Nf6 4. Nc3 dxc4 5. a4 Bf5 6. e3 e6 7. Bxc4 Bb4 8. O-O
Nbd7 9. Nh4 O-O 10. Nxf5 exf5 11. Qc2 g6 12. f3 Rc8 13. Ba2 c5 14. Kh1 Qa5 15.
dxc5 Qxc5 16. e4 fxe4 17. Bh6 Rfe8 18. Qb3 Qe7 19. Nxe4 Nxe4 20. fxe4 Ne5 21.
Qg3 Nc4 22. Rac1 Qxe4 23. Rf4 Ne3 24. Rxc8 Rxc8 25. Rxf7 Qb1+ 26. Rf1+ Qxa2 27.
Qxe3 Qc4 28. Qf3 Re8 29. Rd1 Bf8 30. Be3 Qxa4 31. Qd5+ Kh8 32. Bd4+ Bg7 33.
Bxg7+ Kxg7 34. Qxb7+ Kh6 35. Qf3 Qe4 36. Qf2 Qe7 37. h3 Rf8 38. Qd4 Rf7 39. Ra1
Qg5 40. Kh2 Rc7 41. h4 Qe7 42. Ra5 Rd7 43. Qf4+ Kg7 44. h5 gxh5 45. Re5 Qd6 46.
Qg3+ Kf7 47. Kh3 Qd3 48. Re3 Qg6 49. Qf2+ Kg8 50. Kh2 Rg7 51. Qe2 h6 52. Kh1
Qb1+ 53. Kh2 Qf5 54. Rf3 Qg4 55. Qf2 Kh7 56. Rf4 Qg6 57. Qf3 Qd6 58. Qe4+ Qg6
59. Qf3 Qd6 60. Qe4+ 1/2-1/2

[Event "VIII CAMPEONATO CONTINENTAL DE LAS AMERI"]
[Site "Hotel Casa Campestre - Cochaba"]
[Date "2013.05.10"]
[Round "5"]
[White "Bachmann, Axel"]
[Black "Mekhitarian, Krikor Sevag"]
[Result "1/2-1/2"]
[WhiteElo "2531"]
[BlackElo "2551"]
[PlyCount "87"]
[EventDate "2013.05.07"]
[EventRounds "11"]
[EventCountry "BOL"]

1. e4 c5 2. Nc3 Nc6 3. Nf3 e6 4. Bb5 Nge7 5. O-O a6 6. Bxc6 Nxc6 7. d4 cxd4 8.
Nxd4 Qc7 9. Re1 Bd6 10. Nxc6 dxc6 11. f4 O-O 12. e5 Be7 13. Ne4 Rd8 14. Qh5 Bd7
15. Be3 c5 16. Ng5 Bxg5 17. Qxg5 Bc6 18. Red1 Be4 19. c3 h6 20. Qh4 b6 21. h3
a5 22. Qf2 a4 23. Qe2 Bb7 24. Bf2 Rxd1+ 25. Rxd1 Rd8 26. Bh4 Rxd1+ 27. Qxd1 Qc6
28. Qd8+ Kh7 29. Qd3+ g6 30. Qd2 Qe4 31. Bd8 b5 32. a3 Bd5 33. Be7 c4 34. Bf6
Qb1+ 35. Kh2 Qf1 36. Kg3 Qd3+ 37. Qxd3 cxd3 38. Kf2 Bxg2 39. h4 Bd5 40. Ke3 Bc4
41. Kd2 Kg8 42. Ke3 Kf8 43. Kd2 Ke8 44. Bg7 1/2-1/2

[Event "VIII CAMPEONATO CONTINENTAL DE LAS AMERI"]
[Site "Hotel Casa Campestre - Cochaba"]
[Date "2013.05.10"]
[Round "5"]
[White "Hambleton, Aman"]
[Black "Pacheco, Marco"]
[Result "0-1"]
[WhiteElo "2468"]
[BlackElo "2384"]
[PlyCount "86"]
[EventDate "2013.05.07"]
[EventRounds "11"]
[EventCountry "BOL"]

1. d4 Nf6 2. c4 e6 3. Nc3 Bb4 4. Qc2 O-O 5. a3 Bxc3+ 6. Qxc3 d6 7. f3 Nbd7 8.
e4 c5 9. dxc5 Nxc5 10. Be3 b6 11. Nh3 e5 12. Nf2 Be6 13. b4 Nb7 14. Rc1 Rc8 15.
Qd3 Rc7 16. Nd1 Qe7 17. Nb2 Rfc8 18. Qb1 b5 19. cxb5 Rxc1+ 20. Bxc1 Nxe4 21.
fxe4 Qh4+ 22. g3 Rxc1+ 23. Qxc1 Qxe4+ 24. Kf2 Qxh1 25. Qc6 Qxh2+ 26. Bg2 h5 27.
Qxb7 g6 28. Nd3 h4 29. gxh4 Qxh4+ 30. Ke2 Bc4 31. Qb8+ Kh7 32. Qxa7 e4 33. Kd2
exd3 34. Qe3 Qf6 35. Bf3 Qb2+ 36. Ke1 Qxa3 37. b6 Qxb4+ 38. Kf2 Qb2+ 39. Kg3 d2
40. Qf4 Bd5 41. b7 Qxb7 42. Qh4+ Kg8 43. Qd8+ Kg7 0-1

[Event "VIII CAMPEONATO CONTINENTAL DE LAS AMERI"]
[Site "Hotel Casa Campestre - Cochaba"]
[Date "2013.05.10"]
[Round "5"]
[White "Iturrizaga, Eduardo"]
[Black "Ynojosa, Felix Jose"]
[Result "1-0"]
[WhiteElo "2655"]
[BlackElo "2371"]
[PlyCount "107"]
[EventDate "2013.05.07"]
[EventRounds "11"]
[EventCountry "BOL"]

1. d4 Nf6 2. Nf3 e6 3. c4 b6 4. g3 Bb7 5. Bg2 c5 6. d5 exd5 7. Ng5 h6 8. Nh3 b5
9. cxd5 d6 10. O-O Be7 11. e4 Nbd7 12. f4 Qc7 13. Be3 O-O 14. Nf2 Rfe8 15. Nd2
Bf8 16. Re1 a5 17. g4 Qd8 18. h4 Nh7 19. g5 g6 20. Bf1 Ba6 21. Qg4 h5 22. Qg3
Bg7 23. Rab1 Nhf8 24. Nf3 Nb6 25. f5 gxf5 26. Bf4 fxe4 27. Nxe4 Ng6 28. Bxd6
Nc4 29. Bxc4 bxc4 30. Rbd1 Bxb2 31. Bxc5 Qd7 32. Bd4 Rxe4 33. Rxe4 Qxd5 34.
Rde1 Bxd4+ 35. Rxd4 Qc6 36. Nd2 c3 37. Rc1 Qb6 38. Qxc3 Rc8 39. Rb1 Qe6 40. Qf3
Qe5 41. Qf2 Rc6 42. Re1 Qb8 43. Ne4 Nf4 44. Qd2 Kg7 45. Nd6 Ng6 46. Nf5+ Kh7
47. Qd1 Rc5 48. Qxh5+ Kg8 49. Qd1 Rc8 50. Qf3 Qa7 51. Qf2 Qc7 52. h5 Ne5 53.
Nh6+ Kf8 54. Rxe5 1-0

[Event "VIII CAMPEONATO CONTINENTAL DE LAS AMERI"]
[Site "Hotel Casa Campestre - Cochaba"]
[Date "2013.05.10"]
[Round "5"]
[White "Ruiz C, Joshua D"]
[Black "Lenderman, Aleksandr"]
[Result "1-0"]
[WhiteElo "2370"]
[BlackElo "2585"]
[PlyCount "85"]
[EventDate "2013.05.07"]
[EventRounds "11"]
[EventCountry "BOL"]

1. e4 d6 2. d4 Nf6 3. Bd3 e5 4. Nf3 Nc6 5. c3 g6 6. O-O Bg7 7. Nbd2 O-O 8. Re1
Nh5 9. dxe5 dxe5 10. Bf1 Nf4 11. Qc2 Qf6 12. h3 g5 13. Nh2 h5 14. Nc4 Qg6 15.
Ne3 Ne7 16. b3 c5 17. Ba3 b6 18. Rad1 f5 19. b4 fxe4 20. bxc5 Bf6 21. Nc4 Bf5
22. g4 Be6 23. Qxe4 Qxe4 24. Rxe4 Rfd8 25. Rd6 bxc5 26. Rxf4 Rxd6 27. Rxf6 Ra6
28. Bxc5 Nd5 29. Rg6+ Kh7 30. Rxg5 Rc8 31. Rxh5+ Kg7 32. Nd6 Rxc5 33. Bxa6 Nf4
34. Nf5+ Kg8 35. Rh6 Rxc3 36. Bf1 Rc1 37. Ne3 Kg7 38. Rh4 Bxa2 39. Nf3 a5 40.
Nxe5 a4 41. g5 Nxh3+ 42. Rxh3 Be6 43. Rh6 1-0

[Event "VIII CAMPEONATO CONTINENTAL DE LAS AMERI"]
[Site "Hotel Casa Campestre - Cochaba"]
[Date "2013.05.10"]
[Round "5"]
[White "Leiva, Giuseppe"]
[Black "Zambrana, Oswaldo"]
[Result "1/2-1/2"]
[WhiteElo "2388"]
[BlackElo "2478"]
[PlyCount "80"]
[EventDate "2013.05.07"]
[EventRounds "11"]
[EventCountry "BOL"]

1. d4 Nf6 2. Nf3 e6 3. e3 b6 4. Bd3 Bb7 5. O-O d5 6. c4 dxc4 7. Bxc4 a6 8. Qe2
Nbd7 9. Rd1 c5 10. Bd3 Qc7 11. Nbd2 Be7 12. Nf1 O-O 13. Ng3 Rfe8 14. Bd2 b5 15.
Rac1 Qb6 16. Ne5 Rad8 17. Nxd7 Rxd7 18. dxc5 Bxc5 19. Bc3 e5 20. Bxh7+ Kxh7 21.
Rxd7 Nxd7 22. Qd3+ Kg8 23. Qxd7 Re7 24. Qg4 Re6 25. Bd2 b4 26. Qe2 a5 27. e4
Ba6 28. Qe1 Rd6 29. Bg5 f6 30. Be3 Bxe3 31. Qxe3 Qxe3 32. fxe3 Rd2 33. Rc6 Bb5
34. Rc5 Bd7 35. Rd5 Rxb2 36. Rxd7 Rxa2 37. Rb7 Rb2 38. Ra7 Ra2 39. Rb7 Rb2 40.
Ra7 Ra2 1/2-1/2

[Event "VIII CAMPEONATO CONTINENTAL DE LAS AMERI"]
[Site "Hotel Casa Campestre - Cochaba"]
[Date "2013.05.10"]
[Round "5"]
[White "Sarkar, Justin"]
[Black "Principe, Alexander"]
[Result "1-0"]
[WhiteElo "2437"]
[BlackElo "2261"]
[PlyCount "129"]
[EventDate "2013.05.07"]
[EventRounds "11"]
[EventCountry "BOL"]

1. d4 Nf6 2. c4 g6 3. Nc3 Bg7 4. e4 d6 5. Nf3 O-O 6. Be2 e5 7. O-O Nc6 8. d5
Ne7 9. Ne1 Nd7 10. f3 f5 11. Be3 f4 12. Bf2 g5 13. Nd3 Nf6 14. c5 Rf7 15. a4
Ng6 16. a5 a6 17. c6 h5 18. Nb4 Bh6 19. Kh1 Rg7 20. Bc4 g4 21. Qe2 g3 22. Bg1
Nh4 23. cxb7 Bxb7 24. Bxa6 Bxa6 25. Nxa6 gxh2 26. Bxh2 Nxg2 27. Rg1 Ne3 28.
Rxg7+ Kxg7 29. Nb4 h4 30. Nc6 Qd7 31. Rg1+ Kf7 32. Nd1 Nxd1 33. Qxd1 Nh5 34.
Rg4 Nf6 35. Rg2 Nh5 36. Kg1 Ng3 37. Kf2 Qh3 38. Qc2 Rg8 39. Ke1 Qc8 40. Qc4 h3
41. Rc2 Qb7 42. Nxe5+ dxe5 43. d6+ Kg7 44. Qxc7+ Qxc7 45. dxc7 Rc8 46. Kf2 Bg5
47. a6 Bh4 48. Kg1 Ne2+ 49. Rxe2 Rxc7 50. Kh1 Ra7 51. Bg1 Rxa6 52. Kh2 Rg6 53.
b4 Rh6 54. Bf2 Bxf2 55. Rxf2 Kf7 56. b5 Ke6 57. Rd2 Ke7 58. Rd5 Ke6 59. b6 Rg6
60. Rb5 Rg8 61. b7 Rb8 62. Kxh3 Rh8+ 63. Kg4 Rg8+ 64. Kh5 Rh8+ 65. Kg6 1-0

[Event "VIII CAMPEONATO CONTINENTAL DE LAS AMERI"]
[Site "Hotel Casa Campestre - Cochaba"]
[Date "2013.05.10"]
[Round "5"]
[White "Cueto, Jonny"]
[Black "Cori T., Deysi"]
[Result "1-0"]
[WhiteElo "2263"]
[BlackElo "2430"]
[PlyCount "85"]
[EventDate "2013.05.07"]
[EventRounds "11"]
[EventCountry "BOL"]

1. d4 Nf6 2. Nf3 e6 3. Bf4 c5 4. e3 Nc6 5. c3 Be7 6. Nbd2 Nh5 7. Bg3 b6 8. Bd3
Bb7 9. Qe2 a6 10. Rd1 d6 11. a3 g6 12. e4 cxd4 13. cxd4 O-O 14. e5 dxe5 15.
dxe5 Nd4 16. Nxd4 Qxd4 17. Nf3 Bxf3 18. gxf3 Rfd8 19. Be4 Qxd1+ 20. Qxd1 Rxd1+
21. Kxd1 Rd8+ 22. Ke2 a5 23. Rd1 Rxd1 24. Kxd1 Bc5 25. f4 Bd4 26. b3 f6 27.
exf6 Bc5 28. a4 Bd6 29. Ke2 Bxf4 30. Bxf4 Nxf4+ 31. Ke3 e5 32. Kd2 Kf7 33. Kc3
Kxf6 34. Kc4 Ne2 35. Bd3 Nd4 36. Kd5 Kg5 37. Kxe5 Nxb3 38. f4+ Kh4 39. f5 Nc5
40. f6 Nxd3+ 41. Kd6 Nc5 42. f7 Ne4+ 43. Kc6 1-0

[Event "VIII CAMPEONATO CONTINENTAL DE LAS AMERI"]
[Site "Hotel Casa Campestre - Cochaba"]
[Date "2013.05.10"]
[Round "5"]
[White "Prasca Sosa, Rafael"]
[Black "Aguilar, Andres"]
[Result "1-0"]
[WhiteElo "2426"]
[BlackElo "2233"]
[PlyCount "57"]
[EventDate "2013.05.07"]
[EventRounds "11"]
[EventCountry "BOL"]

1. e4 c5 2. Nf3 Nc6 3. d4 cxd4 4. Nxd4 Nf6 5. Nc3 d6 6. g3 g6 7. Nde2 Bg7 8.
Bg2 O-O 9. O-O Rb8 10. a4 a6 11. Nd5 b5 12. axb5 axb5 13. Bd2 Nd7 14. Bc3 Bxc3
15. Nexc3 e6 16. Ne3 Nc5 17. Qd2 b4 18. Ne2 b3 19. c4 Qc7 20. Rfd1 Rd8 21. Qc3
f5 22. exf5 gxf5 23. Nd4 Nxd4 24. Qxd4 Bb7 25. Ra7 Ra8 26. Rda1 Rxa7 27. Rxa7
Qb8 28. Nxf5 Rd7 29. Nh6+ 1-0

[Event "VIII CAMPEONATO CONTINENTAL DE LAS AMERI"]
[Site "Hotel Casa Campestre - Cochaba"]
[Date "2013.05.10"]
[Round "5"]
[White "Perez Garcia, Rodney Oscar"]
[Black "Campero, Ronald"]
[Result "1/2-1/2"]
[WhiteElo "2381"]
[BlackElo "2211"]
[PlyCount "51"]
[EventDate "2013.05.07"]
[EventRounds "11"]
[EventCountry "BOL"]

1. e4 c5 2. Nf3 d6 3. d4 cxd4 4. Nxd4 Nf6 5. Nc3 g6 6. Be3 Bg7 7. Be2 Nc6 8.
O-O O-O 9. Qd2 d5 10. exd5 Nxd5 11. Nxd5 Nxd4 12. c4 e5 13. Bxd4 exd4 14. Bf3
Be6 15. Qb4 Bxd5 16. Bxd5 Rb8 17. Qb3 Qd7 18. Rfe1 Rfe8 19. Qf3 Re7 20. g3 Rbe8
21. Rxe7 Rxe7 22. Kg2 b6 23. Rd1 h5 24. h3 Qa4 25. a3 a5 26. h4 1/2-1/2

[Event "VIII CAMPEONATO CONTINENTAL DE LAS AMERI"]
[Site "Hotel Casa Campestre - Cochaba"]
[Date "2013.05.10"]
[Round "5"]
[White "Cubas, Jose Fernando"]
[Black "Cuellar, Diego"]
[Result "1/2-1/2"]
[WhiteElo "2550"]
[BlackElo "2323"]
[PlyCount "33"]
[EventDate "2013.05.07"]
[EventRounds "11"]
[EventCountry "BOL"]

1. e4 e5 2. Nf3 Nc6 3. d4 exd4 4. Nxd4 Nf6 5. Nxc6 bxc6 6. e5 Qe7 7. Qe2 Nd5 8.
c4 Ba6 9. b3 Qh4 10. Bb2 Bb4+ 11. Kd1 Nf4 12. Qe3 Ne6 13. g3 Qe7 14. Nc3 O-O-O
15. Bh3 Bc5 16. Qe2 Kb8 17. Ne4 1/2-1/2